Statistics for Biggest Cities in Antigua and Barbuda

Click here to take the quiz!

General Stats

  • This quiz has been taken 3 times
  • The average score is 2 of 20

Answer Stats

PopulationCity% Correct
24,451Saint John's
100%
3,438All Saints
50%
973Bendals
0%
2,053Bolans
0%
934Cedar Grove
0%
1,459Clare Hall
0%
860Freemans
0%
1,481Jennings
0%
2,003Liberta
0%
1,246Montclear
0%
1,251Old Road
0%
1,084Parham
0%
1,931Piggotts
0%
1,116Potters Village
0%
898Saint Claire
0%
1,212Skyline
0%
1,051Sugar Factory
0%
1,720Swetes
0%
808Tomlinson
0%
1,270Willikies
0%

Score Distribution

Percentile by Number Answered

Percent of People with Each Score

Your Score History

You have not taken this quiz